Alejandro Pushkin
Saved in:
| 格式: | 圖書 |
|---|---|
| 語言: | 西班牙语 |
| 出版: |
Barcelona
Cervantes
1930
|
| 叢編: | <Las >mejores poesías líricas de los mejores poetas, 58
|
| 主題: | |
| 標簽: |
添加標簽
沒有標簽, 成為第一個標記此記錄!
|
MARC
| LEADER | 00000nam a2200000 a 4500 | ||
|---|---|---|---|
| 001 | UCY6025 | ||
| 003 | CL-VaPUC | ||
| 008 | 950521e19300000SP |||||||||||||||||spa|d | ||
| 082 | 0 | 4 | |a 891.71 |b ALE |2 21 |
| 245 | 1 | 0 | |a Alejandro Pushkin |
| 300 | |a 64 p | ||
| 942 | |c BK | ||
| 945 | |d 19950521 00:00:00 |a rbrito | ||
| 260 | |a Barcelona |b Cervantes |c 1930 | ||
| 650 | 0 | |a Poesías rusas |9 266684 | |
| 583 | |a last modification |c 19950521 00:00:00 |k Rodrigo Vera | ||
| 490 | 0 | |a <Las >mejores poesías líricas de los mejores poetas, 58 | |
| 999 | |c 233612 |d 233610 | ||
| 952 | |0 0 |1 0 |4 0 |6 891_710000000000000_ALE_1930 |7 0 |8 A |9 239243 |a BIBEDU |b BIBEDU |d 2019-11-18 |i 2002205 |o 891.71 ALE 1930 |p 2002205 |r 2019-11-18 |w 2019-11-18 |y BK |k LIT | ||